000 00507nam a2200157Ia 4500
008 190805s9999||||xx |||||||||||||| ||und||
020 _a9781906915469
_c£ 35.00
082 0 4 _a364.164
_bJ7101
100 1 _aJones, Steven
245 1 0 _aMaritime Security handbook: coping with piracy /
_cSteven Jones
260 _aLondon :
_bThe Nautical Institute,
_c2013
300 _aiv, 90 p.
_b : col. Ill.
_c; 21 cm.
650 0 _aPiracy
_xPrevention
_vHandbooks, manuals, etc.
942 _cBK
999 _c124
_d124